00394 a2200145 450000500170000002000220001708200120003910000160005124500300006725000120009726000390010930000610014870000210020970000180023020250613091227.0 a978-0-07-351166-5 a650 FER aFERRELL.C.O aBusiness: Achanging world a6th Ed. aNew YorkbMcGraw-Hill Irwinc2008. axxxiv,577p.:ill.;pictures,figuresbGlossary, Indexc25cm aGeoffrey Hirt &  aLinda Ferrell